Healthy body diet / (Record no. 142299)

MARC details
000 -LEADER
fixed length control field 00517nam a22001817a 4500
005 - DATE AND TIME OF LATEST TRANSACTION
control field 20170705115334.0
010 ## - LCCN (DPL NO)
LC control number ENG-119108
020 ## - INTERNATIONAL STANDARD BOOK NUMBER
International Standard Book Number 9789382634102
Terms of availability 475.00
035 ## - SYSTEM CONTROL NUMBER
System control number EN-102640
037 ## - SOURCE OF ACQUISITION
Source of stock number/acquisition DBAD/PUB
082 ## - DEWEY DECIMAL CLASSIFICATION NUMBER
Classification number 613.70449
100 ## - MAIN ENTRY--PERSONAL NAME
Personal name Sharma ,Anurag
245 ## - TITLE STATEMENT
Title Healthy body diet /
Statement of responsibility, etc by Anurag Sharma
260 ## - PUBLICATION, DISTRIBUTION, ETC. (IMPRINT)
Place of publication, distribution, etc Allahabad
Name of publisher, distributor, etc Meenakshi Prakashan
Date of publication, distribution, etc 2016
270 ## - ADDRESS
Address 5, Khusrobagh Road
City Allahabad
Postal code 211001
300 ## - PHYSICAL DESCRIPTION
Extent v,152p.
Dimensions 22cm(Hb)
942 ## - ADDED ENTRY ELEMENTS (KOHA)
Source of classification or shelving scheme Dewey Decimal Classification
Item type English Books
Classification part 613.70449
Call number suffix SHA
Holdings
Withdrawn status Lost status Not for loan Collection code Home library Current library Date acquired Source of acquisition Cost, normal purchase price Full call number Barcode Copy number Cost, replacement price Koha item type
    Not For Loan Non-fiction D.B.Act.Division Bawana 05/07/2017 DBAD/PUB 475.00 613.70449 SHA EN-102640 1 475.00 English Books

© Delhi Public Library
Hit Counter
free hit counter